01340 2200433 4500001002100000005001500021035002000036007000300056008004100059020002200100040002200122082001500144084001700159090002100176090002200197100003000219245011800249250002000367300004600387650002200433700003200455700004400487850001200531504003700543264004400580336002100624337003000645338002300675999002200698990002000720990002000740990002200760990002000782990002000802990002200822990002000844990002000864990002200884INLIS00000000085084720191129091738 a0010-0919000120ta190905s2019 yoia g ind d a978-602-5921-16-2 aYOPDYOGbinderda04223a808.84 a808.84 PUT j aDEP 808.84 PUT j aCB-D.11 2019-18590 aPuthut EAd1977-epenulis10aJalan bercabang dua di hutan kesunyian /cPuthut EA; penyunting, Ipank Pamungkas; ilustrator, Bambang Nurdiansyah aCetakan I, 2019 a152 halaman :bilustrasi, gambar ;c19 cm 4aEssai--vkumpulan0 aIpank Pamungkasepenyunting0 aBambang Nurdiansyah,d1992-eilustrator aYOPDYOG aBibliografi: halaman [157]-[159]34aYogyakarta :bAira Media Mandiri,c2019 2rdacontentateks 2rdamediaatanpa perantara 2rdacarrieravolume aCB-D.11/2019-1859 a39612-PD/B.2019 a39613-PD/B.2019 aCB-D.11/2019-1859 a39612-PD/B.2019 a39613-PD/B.2019 aCB-D.11/2019-1859 a39613-PD/B.2019 a39612-PD/B.2019 aCB-D.11/2019-1859